000 00574nam a22001455i 4500
001 172928
003 ES-MaACL
005 20230906215058.0
008 090916s1882 sp |||| | spa d
245 0 4 _aUna residencia de invierno
_b: estudio meteorológico y médico del clima de Alicante, como estación invernal /
_cpublicado por la Sociedad Económica de Amigos del Pais.
260 _aAlicante :
_b[s.n.],
_c1882 (
_fAntonio Reus)
300 _a31 p. ;
_c25 cm.
710 2 _aSociedad Económica de Amigos del Pais de Alicante.
_9141387
852 _aES-MaACL
_jT-385-F-12
999 _c172928
_d172928